Los recursos en el proceso penal evolucin̤ y propuestas de reforma /

Detalles Bibliográficos
Autor principal: Rodrg̕uez Rubio, Carmen
Formato: Desconocido
Lenguaje:español
Publicado: Madrid : Dykinson, 2008
Materias:
Acceso en línea:Acceso restringido

MARC

LEADER 00000ny a22000003n 4500
005 20110519103732.0
006 m u
007 cr cn|||||||||
008 200903r2008 sp |||||s|||||||||||spa d
020 |a 9788498493511 
035 |a 2770 
040 |a FlNmELB  |c FlNmELB  |d vLex 
080 |a 343.155(460) 
090 |c 28  |d 28 
100 1 |a Rodrg̕uez Rubio, Carmen 
245 1 4 |a Los recursos en el proceso penal  |h [Recurso electrn̤ico]  |b evolucin̤ y propuestas de reforma /  |c Carmen Rodrg̕uez Rubio 
256 |a Servicio en ln̕ea 
260 |a Madrid :  |b Dykinson,  |c 2008 
300 |a 202 p.; 
506 1 |a Contenido solo disponible en los productos indicados  |d vLex Global  |d vLex Global (Academic Edition, excluding Law Schools)  |d vLex Global (U.S. Academic Edition, Law Schools)  |d vLex Global (U.S. Academic Edition, excluding Law Schools)  |d vLex Global (Academic Edition, Law Schools) 
650 0 7 |a Proceso penal  |2 Tesauro vLex 
650 0 7 |a Recursos procesales  |2 Tesauro vLex 
740 |a vLex Libros (Servicios en ln̕ea) 
856 4 0 |u http://vlex.com/source/2770  |z Acceso restringido 
942 |c BOOK 
999 0 |a Criminal procedure  |b Espaą